Sermón de las lágrimas de el príncipe de los apóstoles nuestro grande padre San Pedro

Detalles Bibliográficos
Autor principal: SAN MIGUEL, Iván de ( Fray )
Formato: Libro
Publicado: México 1703
Materias:
Colección:Banco de datos
Acervo:Biblioteca del Ex Convento de Nuestra Señora de Guadalupe. Zacatecas
Tema general:Homilética
Notas:Buena. XIII,9,20 (4595). Encuadernado con diecinueve obras más
LEADER 00812nam a22001930004500
035 |a 46386 
036 |a 7570 
100 1 |a SAN MIGUEL, Iván de ( Fray ) 
245 1 0 |a Sermón de las lágrimas de el príncipe de los apóstoles nuestro grande padre San Pedro 
260 |a México  |b ed. Manuel de Escalante Colombres y Mendoza, imp. Miguel de Ribera Calderón  |c 1703 
500 |a Buena. XIII,9,20 (4595). Encuadernado con diecinueve obras más 
650 1 0 |a Homilética 
949 |a CRZ-CG 
959 |a Ex convento de Nuestra Señora de Guadalupe, Museo Regional de Zacatecas, Zacatecas  |b CCC4 
960 |a Convento de Nuestra Señora de Guadalupe, Zacatecas  |b DD87 
961 |a Franciscana  |b OF 
942 |c CRZ-CG 
943 |g Biblioteca del Ex Convento de Nuestra Señora de Guadalupe. Zacatecas 
999 |c 970513  |d 970513